<?xml version="1.0" encoding="UTF-8"?>
<record
    xmlns:xsi="http://www.w3.org/2001/XMLSchema-instance"
    xsi:schemaLocation="http://www.loc.gov/MARC21/slim http://www.loc.gov/standards/marcxml/schema/MARC21slim.xsd"
    xmlns="http://www.loc.gov/MARC21/slim">

  <leader>01322nam a22003137a 4500</leader>
  <datafield tag="999" ind1=" " ind2=" ">
    <subfield code="c">29467</subfield>
    <subfield code="d">29438</subfield>
  </datafield>
  <controlfield tag="003">EG-ScBUE</controlfield>
  <controlfield tag="005">20210923135853.0</controlfield>
  <controlfield tag="008">210923s2010    ua a   f b    000 0 ara d</controlfield>
  <datafield tag="017" ind1=" " ind2=" ">
    <subfield code="a">2010/7010</subfield>
  </datafield>
  <datafield tag="040" ind1=" " ind2=" ">
    <subfield code="a">EG-ScBUE</subfield>
    <subfield code="b">ara</subfield>
    <subfield code="e">rda</subfield>
    <subfield code="c">EG-ScBUE</subfield>
    <subfield code="d">EG-ScBUE</subfield>
  </datafield>
  <datafield tag="043" ind1=" " ind2=" ">
    <subfield code="a">f-ua---</subfield>
  </datafield>
  <datafield tag="082" ind1="0" ind2="4">
    <subfield code="a">658.403</subfield>
    <subfield code="b">&#x635; &#x646; &#x639;</subfield>
    <subfield code="2">22</subfield>
  </datafield>
  <datafield tag="245" ind1="0" ind2="0">
    <subfield code="a">&#x635;&#x646;&#x639; &#x627;&#x644;&#x642;&#x631;&#x627;&#x631; &#x641;&#x64A; &#x645;&#x634;&#x631;&#x648;&#x639;&#x627;&#x62A; &#x627;&#x644;&#x62A;&#x646;&#x645;&#x64A;&#x629; &#x641;&#x64A; &#x645;&#x635;&#x631; / </subfield>
    <subfield code="c">&#x62F;. &#x623;&#x628;&#x648; &#x632;&#x64A;&#x62F; &#x631;&#x627;&#x62C;&#x62D; [&#x648;&#x62E;&#x645;&#x633; &#x622;&#x62E;&#x631;&#x648;&#x646;) &#x61B; &#x62A;&#x62D;&#x631;&#x64A;&#x631; &#x62F;. &#x645;&#x635;&#x637;&#x641;&#x649; &#x643;&#x627;&#x645;&#x644; &#x627;&#x644;&#x633;&#x64A;&#x62F;.</subfield>
  </datafield>
  <datafield tag="264" ind1=" " ind2="1">
    <subfield code="a">[&#x627;&#x644;&#x642;&#x627;&#x647;&#x631;&#x629;] :</subfield>
    <subfield code="b">&#x634;&#x631;&#x643;&#x627;&#x621; &#x627;&#x644;&#x62A;&#x646;&#x645;&#x64A;&#x629; &#x644;&#x644;&#x628;&#x62D;&#x648;&#x62B; &#x648;&#x627;&#x644;&#x627;&#x633;&#x62A;&#x634;&#x627;&#x631;&#x627;&#x62A; &#x648;&#x627;&#x644;&#x62A;&#x62F;&#x631;&#x64A;&#x628;&#x60C;</subfield>
    <subfield code="c">2010.</subfield>
  </datafield>
  <datafield tag="300" ind1=" " ind2=" ">
    <subfield code="a">254 &#x635;&#x641;&#x62D;&#x629; :</subfield>
    <subfield code="b">&#x625;&#x64A;&#x636;&#x627;&#x62D;&#x64A;&#x627;&#x62A; &#x61B; </subfield>
    <subfield code="c">24 &#x633;&#x645;</subfield>
  </datafield>
  <datafield tag="336" ind1=" " ind2=" ">
    <subfield code="2">rdacontent</subfield>
    <subfield code="a">&#x646;&#x635;</subfield>
    <subfield code="b">txt</subfield>
  </datafield>
  <datafield tag="337" ind1=" " ind2=" ">
    <subfield code="2">rdamedia</subfield>
    <subfield code="a">&#x628;&#x62F;&#x648;&#x646; &#x648;&#x633;&#x64A;&#x637;</subfield>
    <subfield code="b">n</subfield>
  </datafield>
  <datafield tag="338" ind1=" " ind2=" ">
    <subfield code="2">rdacarrier</subfield>
    <subfield code="a">&#x645;&#x62C;&#x644;&#x62F;</subfield>
    <subfield code="b">nc</subfield>
  </datafield>
  <datafield tag="504" ind1=" " ind2=" ">
    <subfield code="a">&#x64A;&#x634;&#x62A;&#x645;&#x644; &#x639;&#x644;&#x649; &#x625;&#x631;&#x62C;&#x627;&#x639;&#x627;&#x62A; &#x628;&#x628;&#x644;&#x64A;&#x648;&#x62C;&#x631;&#x627;&#x641;&#x64A;&#x629;.</subfield>
  </datafield>
  <datafield tag="541" ind1=" " ind2=" ">
    <subfield code="c">Donation.</subfield>
  </datafield>
  <datafield tag="650" ind1=" " ind2="7">
    <subfield code="a">&#x202A;&#x627;&#x644;&#x642;&#x64A;&#x627;&#x62F;&#x629; &#x627;&#x644;&#x625;&#x62F;&#x627;&#x631;&#x64A;&#x629;</subfield>
    <subfield code="z">&#x645;&#x635;&#x631;.</subfield>
    <subfield code="2">BUEsh</subfield>
  </datafield>
  <datafield tag="650" ind1=" " ind2="7">
    <subfield code="a">&#x202A;&#x627;&#x62A;&#x62E;&#x627;&#x630; &#x627;&#x644;&#x642;&#x631;&#x627;&#x631;&#x627;&#x62A;</subfield>
    <subfield code="z">&#x645;&#x635;&#x631;.</subfield>
    <subfield code="2">BUEsh</subfield>
  </datafield>
  <datafield tag="650" ind1=" " ind2="7">
    <subfield code="a">&#x627;&#x644;&#x62A;&#x646;&#x645;&#x64A;&#x629; &#x627;&#x644;&#x627;&#x642;&#x62A;&#x635;&#x627;&#x62F;&#x64A;&#x629;</subfield>
    <subfield code="z">&#x645;&#x635;&#x631;&#x650;.</subfield>
    <subfield code="2">BUEsh</subfield>
  </datafield>
  <datafield tag="653" ind1=" " ind2="7">
    <subfield code="a">BUEsh</subfield>
    <subfield code="b">BUSADM</subfield>
    <subfield code="c">September2021</subfield>
  </datafield>
  <datafield tag="655" ind1=" " ind2="7">
    <subfield code="2">BUEsh</subfield>
    <subfield code="v">Reading book</subfield>
    <subfield code="9">34232</subfield>
  </datafield>
  <datafield tag="700" ind1="1" ind2=" ">
    <subfield code="a">&#x631;&#x627;&#x62C;&#x62D;&#x60C; &#x623;&#x628;&#x648; &#x632;&#x64A;&#x62F;&#x60C;</subfield>
    <subfield code="e">&#x645;&#x624;&#x644;&#x641;.</subfield>
  </datafield>
  <datafield tag="700" ind1="1" ind2=" ">
    <subfield code="a">&#x627;&#x644;&#x633;&#x64A;&#x62F;&#x60C; &#x645;&#x635;&#x637;&#x641;&#x649; &#x643;&#x627;&#x645;&#x644;&#x60C;</subfield>
    <subfield code="e">&#x645;&#x62D;&#x631;&#x631;.</subfield>
  </datafield>
  <datafield tag="942" ind1=" " ind2=" ">
    <subfield code="2">ddc</subfield>
  </datafield>
  <datafield tag="952" ind1=" " ind2=" ">
    <subfield code="0">0</subfield>
    <subfield code="1">0</subfield>
    <subfield code="2">ddc</subfield>
    <subfield code="4">0</subfield>
    <subfield code="7">0</subfield>
    <subfield code="8">Donation-G</subfield>
    <subfield code="a">MAIN</subfield>
    <subfield code="b">MAIN</subfield>
    <subfield code="c">1ST</subfield>
    <subfield code="d">2021-09-23</subfield>
    <subfield code="e">Donation</subfield>
    <subfield code="o">658.403 &#x635; &#x646; &#x639;</subfield>
    <subfield code="p">000046411</subfield>
    <subfield code="r">2025-07-15 00:00:00</subfield>
    <subfield code="y">BB</subfield>
  </datafield>
  <datafield tag="952" ind1=" " ind2=" ">
    <subfield code="0">0</subfield>
    <subfield code="1">0</subfield>
    <subfield code="2">ddc</subfield>
    <subfield code="4">0</subfield>
    <subfield code="7">0</subfield>
    <subfield code="8">Donation-G</subfield>
    <subfield code="a">MAIN</subfield>
    <subfield code="b">MAIN</subfield>
    <subfield code="c">1ST</subfield>
    <subfield code="d">2021-09-23</subfield>
    <subfield code="e">Donation</subfield>
    <subfield code="o">658.403 &#x635; &#x646; &#x639;</subfield>
    <subfield code="p">000046410</subfield>
    <subfield code="r">2025-07-15 00:00:00</subfield>
    <subfield code="y">NB</subfield>
  </datafield>
</record>
